00709nam a2200229Ia 4500003000400000005001700004008004100021020001800062040001800080041000800098082002100106100001800127245012700145250001600272260003900288300002100327650002500348650001900373650004200392650002400434700002100458OSt20220113184221.0210716s2006 xx 000 0 und d a9780761935025 cAIMIT LIBRARY aeng a001.42 21bGAUA aGaur, Ajai S. aStatistical Methods for Practice and Research: bGuide to Data Analysis Using SPSS /cby Ajai S. Gaur and Sanjaya S. Gaur. a1st. ed . - aNew Delhi:bResponse Books,c2006. a169p. ; 23.9 cm. aStatistical Methods. aData Analysis. aData Reduction and Scale Reliability. aHypothesis Testing. aGaur, Sanjaya S.